Evidence in Civil Law - Ireland (Record no. 62385)
[ view plain ]
| 000 -LEADER | |
|---|---|
| fixed length control field | 02329nam a2200241Ii 4500 |
| 008 - FIXED-LENGTH DATA ELEMENTS--GENERAL INFORMATION | |
| fixed length control field | 221202s xx 000 0 und d |
| 100 1# - MAIN ENTRY--PERSONAL NAME | |
| Personal name | Moriarty, Brid, |
| Relator term | author |
| 245 #0 - TITLE STATEMENT | |
| Title | Evidence in Civil Law - Ireland |
| 264 ## - PRODUCTION, PUBLICATION, DISTRIBUTION, MANUFACTURE, AND COPYRIGHT NOTICE | |
| Name of producer, publisher, distributor, manufacturer | Institute for Local Self-Government and Public Procurement Maribor |
| Date of production, publication, distribution, manufacture, or copyright notice | 2015 |
| 300 ## - PHYSICAL DESCRIPTION | |
| Extent | 1 online resource (120 pages) |
| 336 ## - CONTENT TYPE | |
| Content type term | text |
| Content type code | txt |
| Source | rdacontent |
| 337 ## - MEDIA TYPE | |
| Media type term | computer |
| Media type code | c |
| Source | rdamedia |
| 338 ## - CARRIER TYPE | |
| Carrier type term | online resource |
| Carrier type code | cr |
| Source | rdacarrier |
| 490 ## - SERIES STATEMENT | |
| Series statement | Law & Society |
| 520 ## - SUMMARY, ETC. | |
| Summary, etc. | Ireland as a common law jurisdiction operates an adversarial system. Ireland has a written Constitution, Bunreacht na h-Éireann. Other sources of law include legislation and European Union Law and a doctrine of precedent operates. This paper comprises a discussion of the law of evidence in Irish Civil Procedure. It follows the structure of a questionnaire circulated for the purposes of a comparative study as part of an EU wide project and is repetitive in parts. It was completed between November 2013 and August 2014 and in the interim there have been significant developments in the Irish legal system, most notably the establishment of the Court of Appeal and the Supreme Court decision in D.P.P. v. J.C. [2015] IESC 31, which modified the exclusionary rule concerning unconstitutionally obtained evidence. The primary form of proof in Irish courts is oral evidence. Competent witnesses are generally compellable. Usually testimony, on oath or affirmation, is given viva voce in open court before the Judge and where necessary a jury, and in the presence of the parties. The right to cross-examine is constitutionally guaranteed. In civil cases, the standard of proof is the balance of probabilities. The burden of proof rests on the party which asserts. The principle of audi alteram partem applies. A distinction is drawn between unconstitutionally obtained evidence and illegally obtained evidence. There is pre-trial discovery. Evidence taking by and for foreign courts is discussed. |
| 653 ## - INDEX TERM--UNCONTROLLED | |
| Uncontrolled term | Civil Procedure |
| 653 ## - INDEX TERM--UNCONTROLLED | |
| Uncontrolled term | Cross-Examination |
| 653 ## - INDEX TERM--UNCONTROLLED | |
| Uncontrolled term | Discovery |
| 653 ## - INDEX TERM--UNCONTROLLED | |
| Uncontrolled term | Foreign Evidence |
| 653 ## - INDEX TERM--UNCONTROLLED | |
| Uncontrolled term | Unconstitutionally Obtainede Evidence |
| 856 ## - ELECTRONIC LOCATION AND ACCESS | |
| Uniform Resource Identifier | <a href="https://library.oapen.org/bitstream/20.500.12657/31981/1/620455.pdfhttp://library.oapen.org/handle/20.500.12657/31981">https://library.oapen.org/bitstream/20.500.12657/31981/1/620455.pdfhttp://library.oapen.org/handle/20.500.12657/31981</a> |
| 942 ## - ADDED ENTRY ELEMENTS (KOHA) | |
| Koha item type | E-Book |
| Withdrawn status | Damaged status | Not for loan | Home library | Current library | Date acquired | Total Checkouts | Date last seen | Price effective from | Koha item type |
|---|---|---|---|---|---|---|---|---|---|
| Directory of Open Access Books | Directory of Open Access Books | 11/28/2022 | 11/28/2022 | 11/28/2022 | E-Book |